Altersfreigaben Filme - Statistiken

Allgemein
  • Dieses Quiz wurde 29 mal gespielt
  • Das Durchschnittsergebnis liegt bei 8 aus 25
Antwortstatistiken
Hint Antwort % Korrekt
Blutgericht in Texas 18
70%
Freitag der 13. (1980) 18
59%
Freitag der 13. (2009) 18
56%
Saw 18
56%
Terrifier 18
52%
Psycho II 16
48%
Der weiße Hai 16
48%
Halloween Kills 18
48%
Halloween - Die Nacht des Grauens 16
41%
Halloween (2018) 16
41%
Scream 16
41%
Blair Witch 2 18
37%
The Hills Have Eyes (2006) 18
37%
Ich weiß noch immer, was du letzten Sommer getan hast 16
33%
Nightmare - Mörderische Träume 16
30%
Ich weiß, was du letzten Sommer getan hast 16
26%
Scream 2 18
26%
Ich werde immer wissen, was du letzten Sommer getan hast 18
19%
The Collector strafrechtlich unbedenklich
15%
The Hills Run Red strafrechtlich unbedenklich
15%
Blair Witch Project 12
11%
Freitag der 13. - Jason kehrt zurück 16
11%
Terrifier 3 keine schwere Jugendgefährdung
11%
Psycho 12
7%
The Hills Have Eyes 2 (2007) keine schwere Jugendgefährdung
7%
Keine übereinstimmenden Quizze gefunden
Verteilung der Resultate
Anzahl Personen mit jedem Resultat
Perzentil nach korrekt beantworteten Fragen
Ihre Resultats-Entwicklung
Sie haben dieses Quiz noch nicht gespielt